000 01322nam a2200373 a 4500
001 34552
003 BD-RjUL
005 20211209052157.0
008 140518s1995 ii b 001 0 eng
020 _a0803992386
020 _a8170364671 (India)
035 _a(BD-RjUL)34646
040 _aDLC
_beng
_cDLC
_dDLC
_dTOC
_dBD-RjUL
041 _aeng
082 0 0 _a306.440954
_220
_bEXP 1995
245 1 0 _aExplorations in Indian sociolinguistics /
_cRajendra Singh, Probal Dasgupta, and Jayant Lele.
260 _aNew Delhi ;
_aThousand Oaks, CA :
_bSage Publications,
_c1995.
300 _a258 p. ;
_c22 cm.
490 1 _aLanguage and development ;
_vv. 2
504 _aIncludes bibliographical references(p. [233]-247) and indexes.
650 0 _aSociolinguistics
_zIndia.
_9105094
650 0 _aSociolinguistics
_zSouth Asia.
_9105095
651 0 _aIndia
_xLanguages
_xPolitical aspects.
_9105096
651 0 _aSouth Asia
_xLanguages
_xPolitical aspects.
_983808
651 0 _aSouth Asia
_xLanguages
_xVariation.
_9105097
830 0 _vv. 2.
_9105103
700 1 _aSingh, Rajendra.
_9105099
700 1 _aLele, Jayant.
_9105100
700 1 _aDasgupta, Probal,
_d1953-
_9105101
830 0 _aLanguage and development (New Delhi, India) ;
_9105102
942 _2ddc
_cBK
999 _c34552
_d34552